Adaptive Reuse (Record no. 91455)

MARC details
000 -LEADER
fixed length control field 01452nam a2200253Ii 4500
008 - FIXED-LENGTH DATA ELEMENTS--GENERAL INFORMATION
fixed length control field 221202s xx 000 0 und d
100 1# - MAIN ENTRY--PERSONAL NAME
Personal name Freschi, Elisa,
Relator term author
245 #0 - TITLE STATEMENT
Title Adaptive Reuse
246 ## - VARYING FORM OF TITLE
Title proper/short title Aspects of Creativity in South Asian Cultural History
264 #1 - PRODUCTION, PUBLICATION, DISTRIBUTION, MANUFACTURE, AND COPYRIGHT NOTICE
Place of production, publication, distribution, manufacture Wiesbaden
Name of producer, publisher, distributor, manufacturer Harrassowitz Verlag
Date of production, publication, distribution, manufacture, or copyright notice 2017
300 ## - PHYSICAL DESCRIPTION
Extent 1 online resource (373 pages)
336 ## - CONTENT TYPE
Content type term text
Content type code txt
Source rdacontent
337 ## - MEDIA TYPE
Media type term computer
Media type code c
Source rdamedia
338 ## - CARRIER TYPE
Carrier type term online resource
Carrier type code cr
Source rdacarrier
520 ## - SUMMARY, ETC.
Summary, etc. The present volume explores a specific aspect of creativity in South Asian systems of knowledge, literature and rituals. Under the heading of "adaptive reuse," it discusses the relationship between innovation and perpetuation of earlier forms and contents of knowledge and aesthetic expressions within the process of creating new works. Although this relation rarely became the topic of explicit reflections in the South Asian intellectual traditions, it is here investigated by taking a closer look at the treatment of older materials by later authors.
653 ## - INDEX TERM--UNCONTROLLED
Uncontrolled term Adaptive Reuse
653 ## - INDEX TERM--UNCONTROLLED
Uncontrolled term Creativity
653 ## - INDEX TERM--UNCONTROLLED
Uncontrolled term South Asian Cultural History
653 ## - INDEX TERM--UNCONTROLLED
Uncontrolled term South Asian Philosophy
653 ## - INDEX TERM--UNCONTROLLED
Uncontrolled term South Asian Religions
700 1# - ADDED ENTRY--PERSONAL NAME
Personal name Maas, Philipp A.
856 ## - ELECTRONIC LOCATION AND ACCESS
Uniform Resource Identifier <a href="https://docs.google.com/spreadsheets/d/1yKIrdCPDAG_9c22mwoOIO2DOhtj65Wqa/edit?usp=sharing&ouid=106555315294820607512&rtpof=true&sd=true ">https://docs.google.com/spreadsheets/d/1yKIrdCPDAG_9c22mwoOIO2DOhtj65Wqa/edit?usp=sharing&ouid=106555315294820607512&rtpof=true&sd=true </a>
Link text List of Curated E-Books
942 ## - ADDED ENTRY ELEMENTS (KOHA)
Koha item type E-Book

No items available.

University of Rizal System
Email us at univlibservices@urs.edu.ph

Visit our Website www.urs.edu.ph/library